[Event "Moscow-ch Women 2020"]
[Site "Moscow"]
[Date "2020.09.19"]
[Round "5.9"]
[White "Miroshnik, Ekaterina"]
[Black "Fedorova, Olesya"]
[Result "1/2-1/2"]
[WhiteElo "2139"]
[BlackElo "1552"]
[Annotator "ChessBase"]
[PlyCount "207"]
[EventDate "2020.09.15"]
[EventType "swiss"]
[EventCountry "RUS"]
[SourceTitle "playchess.com"]
[Source "ChessBase"]
[SourceQuality "1"]
[TimeControl "5400+30"]

1. Nf3 {[%emt 0:00:00]} Nf6 {[%emt 0:00:00]} 2. b3 {[%emt 0:00:00]} e6 {[%emt 0:00:20]} 3. Bb2 {[%emt 0:00:04]} b6 {[%emt 0:00:26]} 4. e3 {[%emt 0:00:51]} Bb7 {[%emt 0:00:06]} 5. Be2 {[%emt 0:00:03]} d5 {[%emt 0:00:45]} 6. O-O {[%emt 0:00:08]} Nbd7 {[%emt 0:00:07]} 7. a4 {[%emt 0:00:06]} a5 {[%emt 0:00:26]} 8. d4 {[%emt 0:02:29]} Be7 {[%emt 0:03:12]} 9. Bd3 {[%emt 0:02:57]} O-O {[%emt 0:01:49]} 10. Nc3 {[%emt 0:04:42]} Rc8 {[%emt 0:06:55]} 11. Qe2 {[%emt 0:14:50]} c5 {[%emt 0:01:24]} 12. Nb5 {[%emt 0:01:37]} cxd4 {[%emt 0:13:39]} 13. exd4 {[%emt 0:02:59]} Nb8 {[%emt 0:01:11]} 14. Na7 {[%emt 0:05:01]} Rc7 {[%emt 0:00:21]} 15. Ne5 {[%emt 0:00:07]} Nc6 {[%emt 0:02:58]} 16. Naxc6 {[%emt 0:04:00]} Bxc6 {[%emt 0:00:02]} 17. Qf3 {[%emt 0:11:05]} Nd7 {[%emt 0:06:22]} 18. Qh3 {[%emt 0:01:56]} g6 {[%emt 0:01:46]} 19. Nxc6 {[%emt 0:11:06]} Rxc6 {[%emt 0:00:08]} 20. Rae1 {[%emt 0:03:00]} Bf6 {[%emt 0:03:11]} 21. Qg4 {[%emt 0:06:06]} Rc8 {[%emt 0:03:55]} 22. g3 {[%emt 0:02:12]} Nc5 {[%emt 0:04:24]} 23. dxc5 {[%emt 0:09:54]} Bxb2 {[%emt 0:00:11]} 24. cxb6 {[%emt 0:00:09]} Qxb6 {[%emt 0:00:18]} 25. Qd1 {[%emt 0:02:20]} Bd4 {[%emt 0:02:36]} 26. Kg2 {[%emt 0:03:27]} Bc3 {[%emt 0:03:22]} 27. Re2 {[%emt 0:01:12]} Qd4 {[%emt 0:00:47]} 28. f4 {[%emt 0:04:40]} Rce8 {[%emt 0:03:16]} 29. Ref2 {[%emt 0:01:03]} e5 {[%emt 0:06:27]} 30. fxe5 {[%emt 0:00:20]} Rxe5 {[%emt 0:00:34]} 31. Re2 {[%emt 0:02:47]} Rxe2+ {[%emt 0:02:01]} 32. Qxe2 {[%emt 0:00:08]} Qe5 {[%emt 0:00:33]} 33. Qf3 {[%emt 0:00:38]} Kg7 {[%emt 0:01:03]} 34. Rf2 {[%emt 0:01:43]} Bb4 {[%emt 0:09:51]} 35. Re2 {[%emt 0:01:16]} Qd6 {[%emt 0:00:33]} 36. Re3 {[%emt 0:01:08]} Bd2 {[%emt 0:00:56]} 37. Re2 {[%emt 0:00:07]} Bb4 {[%emt 0:00:05]} 38. Bb5 {[%emt 0:00:25]} Rc8 {[%emt 0:01:50]} 39. Rf2 {[%emt 0:00:54]} Rc7 {[%emt 0:01:12]} 40. Re2 {[%emt 0:00:52]} Rc3 {[%emt 0:05:05]} 41. Bd3 {[%emt 0:00:12]} Rc8 {[%emt 0:01:24]} 42. Qg4 {[%emt 0:00:26]} Rd8 {[%emt 0:01:47]} 43. Qd4+ {[%emt 0:00:58]} Qf6 {[%emt 0:00:21]} 44. Qa7 {[%emt 0:00:55]} Qc3 {[%emt 0:04:49]} 45. Rf2 {[%emt 0:00:55]} Rf8 {[%emt 0:00:19]} 46. Qd7 {[%emt 0:00:24]} Qc5 {[%emt 0:02:01]} 47. Bb5 {[%emt 0:00:32]} Qd6 {[%emt 0:03:46]} 48. Qxd6 {[%emt 0:00:35]} Bxd6 {[%emt 0:00:01]} 49. Rd2 {[%emt 0:00:08]} Rc8 {[%emt 0:00:14]} 50. Ba6 {[%emt 0:00:56]} Rc3 {[%emt 0:00:55]} 51. Bd3 {[%emt 0:00:31]} Bb4 {[%emt 0:00:23]} 52. Re2 {[%emt 0:00:13]} Rc7 {[%emt 0:00:16]} 53. Re5 {[%emt 0:00:22]} d4 {[%emt 0:00:41]} 54. Rd5 {[%emt 0:00:29]} Bc3 {[%emt 0:00:07]} 55. Rd8 {[%emt 0:00:36]} Re7 {[%emt 0:00:15]} 56. Rc8 {[%emt 0:00:11]} Bb4 {[%emt 0:00:53]} 57. Kf2 {[%emt 0:00:26]} Be1+ {[%emt 0:00:53]} 58. Kf3 {[%emt 0:00:11]} Bd2 {[%emt 0:01:18]} 59. Be4 {[%emt 0:00:43]} Bc3 {[%emt 0:00:32]} 60. Rc5 {[%emt 0:00:23]} Bb4 {[%emt 0:00:29]} 61. Rc4 {[%emt 0:00:05]} Bc3 {[%emt 0:00:07]} 62. Bd3 {[%emt 0:00:12]} Re3+ {[%emt 0:00:28]} 63. Kf2 {[%emt 0:00:07]} Re7 {[%emt 0:00:11]} 64. Rc6 {[%emt 0:00:05]} Be1+ {[%emt 0:00:18]} 65. Kf3 {[%emt 0:00:10]} Bc3 {[%emt 0:00:25]} 66. Bc4 {[%emt 0:00:09]} Bb4 {[%emt 0:00:25]} 67. Bd3 {[%emt 0:02:20]} Bc3 {[%emt 0:00:22]} 68. Rc5 {[%emt 0:00:44]} Bb4 {[%emt 0:00:14]} 69. Rd5 {[%emt 0:00:10]} Bc3 {[%emt 0:00:13]} 70. Kf2 {[%emt 0:00:36]} Be1+ {[%emt 0:00:19]} 71. Kf1 {[%emt 0:00:04]} Bc3 {[%emt 0:00:11]} 72. b4 {[%emt 0:02:08]} Bxb4 {[%emt 0:02:25]} 73. Rxd4 {[%emt 0:00:05]} Re1+ {[%emt 0:01:21]} 74. Kg2 {[%emt 0:00:07]} Ra1 {[%emt 0:00:57]} 75. Kh3 {[%emt 0:01:24]} Re1 {[%emt 0:01:20]} 76. Rc4 {[%emt 0:00:27]} Re3 {[%emt 0:00:54]} 77. Kg2 {[%emt 0:00:18]} Re7 {[%emt 0:01:07]} 78. Rc6 {[%emt 0:00:47]} Rd7 {[%emt 0:01:16]} 79. Kf3 {[%emt 0:00:15]} Bd6 {[%emt 0:00:25]} 80. Ke3 {[%emt 0:00:44]} Bc7 {[%emt 0:00:21]} 81. c4 {[%emt 0:00:21]} f5 {[%emt 0:00:24]} 82. Ra6 {[%emt 0:00:39]} Kf7 {[%emt 0:00:32]} 83. c5 {[%emt 0:00:12]} Re7+ {[%emt 0:01:08]} 84. Kd4 {[%emt 0:00:49]} Rd7+ {[%emt 0:00:09]} 85. Ke3 {[%emt 0:00:27]} Re7+ {[%emt 0:00:19]} 86. Kf3 {[%emt 0:00:15]} Rd7 {[%emt 0:00:27]} 87. Bc4+ {[%emt 0:00:09]} Kg7 {[%emt 0:00:17]} 88. Re6 {[%emt 0:00:35]} Kf8 {[%emt 0:00:26]} 89. Bb5 {[%emt 0:00:25]} Re7 {[%emt 0:00:13]} 90. Ra6 {[%emt 0:00:44]} Kg7 {[%emt 0:00:22]} 91. Bd3 {[%emt 0:00:32]} Re5 {[%emt 0:00:30]} 92. Rc6 {[%emt 0:00:18]} Re7 {[%emt 0:00:10]} 93. Bc4 {[%emt 0:00:54]} Kf8 {[%emt 0:00:40]} 94. Kf2 {[%emt 0:00:28]} Kg7 {[%emt 0:00:25]} 95. Be2 {[%emt 0:00:12]} Be5 {[%emt 0:00:44]} 96. Kf1 {[%emt 0:01:01]} Rc7 {[%emt 0:00:29]} 97. Rxc7+ {[%emt 0:00:04]} Bxc7 {[%emt 0:00:01]} 98. Bc4 {[%emt 0:00:19]} Kf6 {[%emt 0:00:04]} 99. Ke2 {[%emt 0:00:11]} Ke5 {[%emt 0:00:20]} 100. Bg8 {[%emt 0:00:21]} h6 {[%emt 0:00:12]} 101. Ke3 {[%emt 0:01:12]} g5 {[%emt 0:00:23]} 102. Bb3 {[%emt 0:00:17]} f4+ {[%emt 0:00:30]} 103. gxf4+ {[%emt 0:00:05]} gxf4+ {[%emt 0:00:01]} 104. Kf3 {[%emt 0:00:17]} 1/2-1/2

[Event "Moscow-ch Women 2020"]
[Site "Moscow"]
[Date "2020.09.19"]
[Round "5.10"]
[White "Strukova, Ksenia"]
[Black "Paramzina, Anastasya"]
[Result "1/2-1/2"]
[WhiteElo "1978"]
[BlackElo "2209"]
[Annotator "ChessBase"]
[PlyCount "51"]
[EventDate "2020.09.15"]
[EventType "swiss"]
[EventCountry "RUS"]
[SourceTitle "playchess.com"]
[Source "ChessBase"]
[SourceQuality "1"]
[TimeControl "5400+30"]

1. e4 {[%emt 0:00:00]} e5 {[%emt 0:08:11]} 2. Nf3 {[%emt 0:02:08]} Nc6 {[%emt 0:00:57]} 3. d3 {[%emt 0:18:57]} Nf6 {[%emt 1:22:22]} 4. g3 {[%emt 0:03:27]} d5 {[%emt 0:00:00]} 5. exd5 {[%emt 0:03:46]} Nxd5 {[%emt 0:00:00]} 6. Bg2 {[%emt 0:02:37]} g6 {[%emt 0:00:00]} 7. Bg5 {[%emt 0:10:01]} f6 {[%emt 0:00:00]} 8. Bd2 {[%emt 0:00:22]} Bg4 {[%emt 0:00:00]} 9. h3 {[%emt 0:02:57]} Be6 {[%emt 0:00:00]} 10. Nc3 {[%emt 0:02:06]} Qd7 {[%emt 0:00:00]} 11. a3 {[%emt 0:07:44]} Nxc3 {[%emt 0:00:00]} 12. Bxc3 {[%emt 0:00:26]} Bg7 {[%emt 0:00:00]} 13. h4 {[%emt 0:15:37]} Bg4 {[%emt 0:00:00]} 14. O-O {[%emt 0:02:27]} O-O-O {[%emt 0:00:00]} 15. Qe1 {[%emt 0:05:23]} Nd4 {[%emt 0:00:00]} 16. Bxd4 {[%emt 0:04:00]} exd4 {[%emt 0:00:00]} 17. Qa5 {[%emt 0:07:16]} Kb8 {[%emt 0:00:00]} 18. Rfe1 {[%emt 0:02:11]} Bxf3 {[%emt 0:01:00]} 19. Bxf3 {[%emt 0:00:07]} Rhe8 {[%emt 0:00:03]} 20. Qb4 {[%emt 0:01:28]} c6 {[%emt 0:01:12]} 21. Qd2 {[%emt 0:01:50]} f5 {[%emt 0:01:31]} 22. Qf4+ {[%emt 0:03:48]} Qc7 {[%emt 0:00:26]} 23. Qd2 {[%emt 0:01:50]} Qd7 {[%emt 0:02:44]} 24. Qf4+ {[%emt 0:00:26]} Qc7 {[%emt 0:00:13]} 25. Qd2 {[%emt 0:00:02]} Qd7 {[%emt 0:00:57]} 26. Qf4+ {[%emt 0:00:06]} 1/2-1/2

[Event "Moscow-ch Women 2020"]
[Site "Moscow"]
[Date "2020.09.20"]
[Round "6.1"]
[White "Diakonova, Ekaterina"]
[Black "Petrova, Elizaveta"]
[Result "0-1"]
[WhiteElo "2209"]
[BlackElo "1647"]
[Annotator "TA"]
[PlyCount "90"]
[EventDate "2020.09.15"]
[EventType "swiss"]
[EventCountry "RUS"]
[SourceTitle "playchess.com"]
[Source "ChessBase"]
[SourceQuality "1"]

{[%evp 21,90,45,44,53,42,50,46,30,37,0,68,64,62,39,73,64,88,57,76,-19,0,-8,-4,-33,-51,-148,-156,-273,-163,-183,-123,-129,-66,-121,-100,-197,-143,-443,-41,-41,-39,-40,0,-64,-64,-70,-66,-67,-69,-54,-63,-83,0,-48,0,-13,-16,-95,-96,-168,-50,-52,-52,-50,0,0,0,-910,-906,-29998,-29999]} 1. e4 c5 2. Nf3 e6 3. d4 cxd4 4. Nxd4 Nc6 5. Nb5 d6 6. c4 Nf6 7. N1c3 a6 8. Na3 Be7 9. Be2 O-O 10. Be3 Qc7 11. O-O b6 12. Rc1 {B44: Sicilian: Taimanov: 5 Nb5.} Ne5 13. f4 Ned7 14. Bf3 {Hoping for e5.White is slightly better.} Bb7 15. g4 {[#]} Ne8 $146 (15... h6 $11) ({Predecessor:} 15... h6 16. h4 Nh7 17. h5 Rfc8 18. Qe2 e5 19. f5 Qd8 20. Rfd1 Ng5 21. Bg2 Nf6 {½-½ (30) Czarnota,P (2529)-Stachowiak,K (2448) Legnica 2014}) 16. g5 $14 Qd8 17. h4 f6 18. Qd2 Rb8 19. Nc2 g6 20. f5 (20. Bg2 $16) 20... Ne5 {Black wants to play ...fxg5.} 21. Be2 exf5 22. Nd4 Ng7 23. gxf6 (23. exf5 $15 Nxf5 24. Nxf5 gxf5 25. Nd5) 23... Bxf6 $17 24. Bh6 (24. exf5 $17 {was worth a try.} Bxh4 25. Nd5) 24... fxe4 (24... Nf7 $142 25. Be3 fxe4) 25. Nd5 $19 Bxd5 (25... Rc8 $19 26. Nxf6+ Rxf6 27. Rxf6 Qxf6) 26. cxd5 $17 Qe7 ({But not} 26... Bxh4 $2 27. Bxg7 Bf2+ 28. Rxf2 $18) (26... Rc8 $17 27. Rxc8 Qxc8) 27. h5 ({White has to play} 27. Nc6 $15 Nxc6 28. dxc6) 27... b5 ({Reject} 27... Nxh5 $6 28. Bxf8 Rxf8 29. Bxh5 $11) 28. Qe3 {[#]} (28. Nc6 $17 {keeps fighting.} Nxc6 29. dxc6) 28... Nf3+ $1 29. Nxf3 $2 {[%mdl 8192] [#]} (29. Bxf3 $17 {is the only way for White.} Bxd4 30. Qxd4 exf3 31. Qxg7+ Qxg7 32. Bxg7 Kxg7 33. hxg6) 29... exf3 $2 (29... Nf5 $1 $19 {[%cal Rf5e3]} 30. Bxf8 Rxf8) 30. Qxe7 $15 Bxe7 31. Bxf3 Rbc8 32. Rce1 (32. hxg6 $11 hxg6 33. Rc6) 32... Bf6 33. Bg4 {Black must now prevent Rxf6.} Bd4+ 34. Kh1 Rxf1+ 35. Rxf1 Re8 36. b3 gxh5 (36... Nxh5 $17 37. Be6+ Kh8) 37. Bd7 (37. Be6+ $5 Nxe6 38. dxe6 $11) 37... Re7 38. Bc8 a5 39. Rd1 (39. Be6+ $11 {keeps the balance.} Nxe6 40. dxe6) 39... Bc5 $17 40. Rd2 (40. Rf1 $17) 40... a4 (40... Re1+ $19 41. Kg2 Be3 42. Bxe3 Rxe3) 41. bxa4 $15 bxa4 42. Rg2 Re1+ 43. Kh2 Bd4 {aiming for ...Be5+.} 44. Bd7 $2 {[%mdl 8192]} (44. Be6+ $11 Kf8 45. Rc2) 44... Be5+ $19 45. Kh3 Rh1+ {Accuracy: White = 40%, Black = 50%.} 0-1

[Event "Moscow-ch Women 2020"]
[Site "Moscow"]
[Date "2020.09.20"]
[Round "6.2"]
[White "Paramzina, Anastasya"]
[Black "Merkulova, Viktoria"]
[Result "1-0"]
[WhiteElo "2209"]
[BlackElo "1436"]
[Annotator "TA"]
[PlyCount "75"]
[EventDate "2020.09.15"]
[EventType "swiss"]
[EventCountry "RUS"]
[SourceTitle "playchess.com"]
[Source "ChessBase"]
[SourceQuality "1"]

{[%evp 14,75,50,49,36,41,47,45,40,36,43,47,97,100,161,149,171,155,170,157,175,150,147,145,135,126,146,137,202,227,302,292,400,381,618,616,610,601,656,656,692,625,830,822,1078,1060,1430,1392,1346,1311,1680,1625,29986,2872,2872,2475,29986,29987,29988,29989,29989,29990,29993,29992]} 1. e4 c5 2. Nf3 Nc6 3. d4 cxd4 4. Nxd4 e5 5. Nb5 a6 6. Nd6+ Bxd6 7. Qxd6 Qe7 8. Qd1 d6 {B32: Sicilian: Löwenthal and Kalashnikov Variations.} 9. Nc3 Be6 10. Nd5 Bxd5 {White is slightly better.} 11. exd5 {[#]} Nd8 $146 ({Predecessor:} 11... Nb8 12. Qg4 Nf6 13. Qxg7 Rg8 14. Qh6 Nbd7 15. Bg5 Rg6 16. Qh4 O-O-O 17. O-O-O Rdg8 18. Bxf6 Nxf6 {½-½ (43) Van der Wiel,J (2535)-Stripunsky,A (2495) Wijk aan Zee 1996}) 12. Qf3 e4 {[#]} 13. Qg3 $1 $36 {[%mdl 2048] Keeping Black busy.} Qf6 (13... Nf6 $16 {might work better.}) 14. Bd2 $18 {Bc3 is the strong threat.} Qg6 15. Bb4 Qxg3 16. hxg3 ({But not} 16. fxg3 $6 Kd7 $14) 16... Kd7 17. Bc3 f6 18. Rh4 Ne7 19. Rd1 e3 20. f4 Nf5 (20... Rc8 $16) 21. Rh3 e2 22. Bxe2 Ne3 23. Rd2 Nf7 $2 (23... b5 24. Kf2 Nc4 25. Bg4+ Kc7) 24. Kf2 Rae8 25. g4 Nxg2 26. Kxg2 Re4 27. Kg3 Rhe8 28. Bf3 Re1 29. Rxh7 Rg1+ 30. Rg2 Rxg2+ 31. Kxg2 Re7 32. Rxg7 Ke8 33. Rg8+ (33. Bxf6 $142 Kf8 34. g5 Rc7 35. g6 Rxc2+ 36. Kg3 Nh6 37. Rxb7 Ke8 38. Re7+ Kd8 39. Rh7+ Kc8 40. Rxh6) 33... Kd7 34. Bxf6 Re1 35. g5 {White mates.} Rc1 {[#]} 36. Rg7 $1 Rxc2+ 37. Kg3 Ke8 {[#]} 38. Bh5 $1 {Black got outplayed after the opening. Accuracy: White = 100%, Black = 34%.} 1-0

[Event "Moscow-ch Women 2020"]
[Site "Moscow"]
[Date "2020.09.20"]
[Round "6.3"]
[White "Fedorova, Olesya"]
[Black "Strukova, Ksenia"]
[Result "1/2-1/2"]
[WhiteElo "1552"]
[BlackElo "1978"]
[Annotator "TA"]
[PlyCount "135"]
[EventDate "2020.09.15"]
[EventType "swiss"]
[EventCountry "RUS"]
[SourceTitle "playchess.com"]
[Source "ChessBase"]
[SourceQuality "1"]

{[%evp 9,135,21,37,34,22,29,66,63,59,64,63,32,28,34,65,37,70,68,81,70,65,50,62,58,50,50,56,59,48,26,41,17,40,20,49,0,12,0,10,0,19,-12,-12,-29,-5,-5,-5,-5,-5,-57,-56,-125,-102,-119,-106,-115,-113,-116,-118,-114,-104,-105,-84,-102,-81,-91,-62,-62,-45,-105,0,-62,0,-69,-69,-69,-69,-69,-69,-59,-37,-35,-45,-49,-50,-56,-41,-40,0,0,0,0,0,0,0,0,0,0,0,0,0,0,0,0,0,0,0,0,0,0,0,0,0,0,0,0,0,0,0,0,0,0,0,0,0,0,0,0]} 1. d4 Nf6 2. Nf3 g6 3. Nbd2 d5 4. e3 Bg7 5. b4 b6 6. Ba3 {D02: 1 d4 d5 2 Nf3 sidelines, including 2...Nf6 3 g3 and 2...Nf6 3 Bf4.} O-O 7. c4 dxc4 8. Bxc4 {White is slightly better.} Bb7 9. O-O {[#]} e6 $146 ({Predecessor:} 9... Nbd7 10. Rc1 Ne4 11. Nxe4 Bxe4 12. b5 h6 13. Qe2 Re8 14. Rfd1 e6 15. h3 Qf6 {1-0 (30) Mirzoev,A (2506)-Wachinger,N (2340) Lueneburg 2018}) 10. b5 Re8 11. Bb2 Nbd7 12. Rc1 h5 13. Qe2 Rc8 14. Rfd1 Qe7 15. Bd3 Nd5 16. Nc4 a6 17. a4 axb5 18. axb5 Ra8 19. Ra1 Rec8 20. Qd2 Qb4 21. Be2 Bf8 22. Qxb4 Nxb4 23. Nfe5 Nxe5 24. Nxe5 Bd6 25. Bf3 Bxf3 26. Nxf3 Ra5 (26... Rcb8 {feels hotter.} 27. e4 Ra5 28. Bc3 Rxa1 29. Rxa1 Nc2) 27. Rxa5 bxa5 28. Ra1 $1 Ra8 29. Ra4 (29. Kf1 $11) 29... Nd5 $1 $15 30. Nd2 (30. Ne5 $15) 30... Nb6 31. Ra1 a4 32. Nb1 {[#]} Ra5 $1 33. Na3 Bxa3 34. Bxa3 Rxb5 $17 {[%mdl 4096] Endgame KRB-KRN} 35. Kf1 Nd5 36. Ke2 f6 37. Kd3 Rb3+ 38. Kc2 $1 Rc3+ 39. Kb2 (39. Kd2 $15 Rb3 40. Kc2) 39... Rb3+ 40. Kc2 Rb5 ({Better is} 40... Rb6 $15) 41. Bc5 ({White should play} 41. Kd3 $1 $11) 41... Ra5 $1 $15 42. e4 Nf4 43. g3 Nh3 $1 44. f3 Ng5 45. Ra3 e5 46. Bb4 Rb5 47. Bd2 exd4 (47... Ne6 $5 {[%cal Re6d4]} 48. dxe5 Nd4+ 49. Kc3 Nxf3 50. exf6 Nxd2 51. Kxd2 Ra5 $15) 48. Bxg5 $1 Rxg5 (48... fxg5 {is interesting.} 49. Rxa4 c5 50. Ra6 Kg7 51. Rc6 Ra5) 49. Rxa4 {KR-KR. The position is equal.} Rc5+ 50. Kd3 Rc3+ 51. Kxd4 Rxf3 52. Ra8+ Kg7 53. Ra7 Rf2 54. Rxc7+ Kh6 55. h4 $1 Rf3 56. Rc3 Rf1 57. Ke3 g5 58. hxg5+ Kxg5 59. Ke2 $1 {[%cal Re2f1]} Ra1 (59... Rg1 {seems wilder.} 60. Kf3 Re1 61. Rc5+ Kh6 62. Rd5 Kg6) 60. Kf3 Ra5 61. Rd3 Ra8 62. Rd5+ Kg6 63. Kf4 Ra1 64. Kf3 $1 Rf1+ 65. Ke2 Rh1 66. Kf3 Rb1 67. Rc5 Rb4 68. Rd5 {Accuracy: White = 83%, Black = 85%.} 1/2-1/2

[Event "Moscow-ch Women 2020"]
[Site "Moscow"]
[Date "2020.09.21"]
[Round "7.8"]
[White "Merkulova, Viktoria"]
[Black "Fedorova, Olesya"]
[Result "0-1"]
[WhiteElo "1436"]
[BlackElo "1552"]
[Annotator "NA RC"]
[PlyCount "92"]
[EventDate "2020.09.15"]
[EventType "swiss"]
[EventCountry "RUS"]
[SourceTitle "playchess.com"]
[Source "ChessBase"]
[SourceQuality "1"]
[TimeControl "5400+30"]

1. e4 {[%emt 0:00:00]} c5 {[%emt 0:00:00]} 2. c3 {[%emt 0:00:00]} Nf6 {[%emt 0:00:00]} 3. e5 {[%emt 0:00:00]} Nd5 {[%emt 0:00:00]} 4. d4 {[%emt 0:00:01]} cxd4 {[%emt 0:00:00]} 5. Nf3 {[%emt 0:00:06]} Nc6 {[%emt 0:00:11]} 6. cxd4 {[%emt 0:00:08]} d6 {[%emt 0:00:05]} 7. Bc4 {[%emt 0:00:13]} dxe5 {[%emt 0:00:08]} 8. dxe5 {[%emt 0:00:26]} Ndb4 {[%emt 0:00:15]} 9. Qb3 {[%emt 0:02:59]} e6 {[%emt 0:00:17]} 10. O-O {[%emt 0:05:47]} Na5 {[%emt 0:01:40]} 11. Bb5+ {[%emt 0:02:12]} Bd7 {[%emt 0:00:14]} 12. Qa4 {[%emt 0:01:11]} Bxb5 {[%emt 0:00:18]} 13. Qxb5+ {[%emt 0:00:09]} Nac6 {[%emt 0:01:09]} 14. a3 {[%emt 0:03:04]} a6 {[%emt 0:09:33]} 15. Qc4 {[%emt 0:01:57]} Qd3 {[%emt 0:04:22]} 16. Qc3 {[%emt 0:01:58]} Qxc3 {[%emt 0:01:53]} 17. bxc3 {[%emt 0:02:13]} Nd3 {[%emt 0:00:37]} 18. Nbd2 {[%emt 0:02:20]} Ncxe5 {[%emt 0:01:30]} 19. Nxe5 {[%emt 0:00:57]} Nxe5 {[%emt 0:00:01]} 20. Rb1 {[%emt 0:00:22]} b5 {[%emt 0:01:45]} 21. a4 {[%emt 0:01:34]} bxa4 {[%emt 0:01:10]} 22. Ne4 {[%emt 0:08:25]} Nc4 {[%emt 0:08:53]} 23. Bf4 {[%emt 0:02:55]} Be7 {[%emt 0:04:58]} 24. Rb7 {[%emt 0:00:42]} Rd8 {[%emt 0:13:44]} 25. Ra7 {[%emt 0:02:15]} a3 {[%emt 0:02:46]} 26. Ra1 {[%emt 0:02:05]} a5 {[%emt 0:04:28]} 27. Kf1 {[%emt 0:02:07]} h6 {[%emt 0:06:34]} 28. Rc7 {[%emt 0:01:37]} Nb2 {[%emt 0:01:47]} 29. Ra7 {[%emt 0:01:39]} f5 {[%emt 0:01:21]} 30. Ng3 {[%emt 0:01:28]} a4 {[%emt 0:09:20]} 31. Be5 {[%emt 0:03:47]} Rg8 {[%emt 0:03:17]} 32. Nh5 {[%emt 0:01:09]} Kf7 {[%emt 0:04:58]} 33. Bxg7 {[%emt 0:03:07]} Rd1+ {[%emt 0:01:54]} 34. Rxd1 {[%emt 0:00:11]} Nxd1 {[%emt 0:00:02]} 35. Bf6 {[%emt 0:00:44]} a2 {[%emt 0:06:37]} 36. c4 {[%emt 0:03:49]} Re8 {[%emt 0:03:36]} 37. Ke2 {[%emt 0:02:00]} Kg6 {[%emt 0:01:04]} 38. Ba1 {[%emt 0:02:32]} Kxh5 {[%emt 0:00:32]} 39. Kxd1 {[%emt 0:00:19]} a3 {[%emt 0:00:52]} 40. Kc2 {[%emt 0:01:07]} Bc5 {[%emt 0:02:39]} 41. Ra6 {[%emt 0:00:59]} Rb8 {[%emt 0:02:19]} 42. Ra5 {[%emt 0:01:46]} Rb1 {[%emt 0:02:50]} 43. Bc3 {[%emt 0:04:26]} Bb4 {[%emt 0:00:39]} 44. g4+ {[%emt 0:01:59]} Kxg4 {[%emt 0:00:32]} 45. h3+ {[%emt 0:00:34]} Kh5 {[%emt 0:00:13]} 46. Bxb4 {[%emt 0:00:39]} a1=Q {[%emt 0:00:15]} 0-1

[Event "Moscow-ch Women 2020"]
[Site "Moscow"]
[Date "2020.09.21"]
[Round "7.9"]
[White "Petrova, Elizaveta"]
[Black "Paramzina, Anastasya"]
[Result "0-1"]
[WhiteElo "1647"]
[BlackElo "2209"]
[Annotator "TA"]
[PlyCount "170"]
[EventDate "2020.09.15"]
[EventType "swiss"]
[EventCountry "RUS"]
[SourceTitle "playchess.com"]
[Source "ChessBase"]
[SourceQuality "1"]

{[%evp 9,169,8,31,12,27,4,15,4,9,14,15,0,7,0,7,0,4,0,1,0,-4,-17,-14,-18,9,-2,0,0,7,-8,0,14,12,0,12,0,28,10,10,0,0,0,0,0,0,0,0,-16,-13,-15,0,-37,-41,-52,-31,-45,0,-2,0,-45,-21,-49,-54,-57,-27,-72,-54,-54,-53,-53,-47,-55,-40,-51,-43,-60,-34,-34,-34,-34,-34,-34,-34,-34,-34,-47,-46,-51,-19,-84,-81,-83,-44,-44,-44,-44,-44,-150,-137,-196,-248,-238,-243,-224,-229,-201,-158,-160,-150,-150,-150,-1058,-1065,-1014,-1008,-875,-837,-29974,-29975,-29975,-29976,-29976,-29977,-29977,-29975,-29978,-29979,-29979,-29979,-29980,-29980,-29984,-29985,-29984,-29985,-29985,-29986,-29987,-29988,-29990,-29991,-29992,-29989,-29994,-29990,-29995,-29991,-29990,-29990,-29993,-29994,-29995,-29994,-29994,-29995,-29996,-29997,-29997,-29998,-29999,-29999,-29999]} 1. d4 Nf6 2. c4 e6 3. Nf3 Bb4+ 4. Nbd2 O-O 5. e3 Re8 6. Be2 {E11: Bogo-Indian.} b6 {[#]} 7. a3 $146 ({Predecessor:} 7. O-O Bb7 8. a3 Bf8 9. b4 a5 10. b5 d6 11. a4 Nbd7 12. Ba3 e5 13. Nb3 exd4 14. exd4 {0-1 (53) Song,J (2347)-Colin,V (2425) Rennes 2010}) 7... Bf8 8. Qc2 {The position is equal.} d6 9. O-O c5 10. b3 Bb7 11. Bb2 Nbd7 12. Rac1 Rc8 13. Qb1 Rc7 14. Rfd1 Qa8 15. Ne1 cxd4 16. Bxd4 d5 17. cxd5 Rxc1 18. Qxc1 Nxd5 19. Ndf3 {[%cal Bd2f3,Bf3d4,Bd4b5][%mdl 32]} e5 20. Bb2 e4 21. Nd4 Ne5 22. Qa1 f6 23. Nb5 a6 24. Rxd5 {[%mdl 64] Remove Defender, Decoy} Bxd5 25. Nc7 {[%mdl 64] Double Attack} Qc6 26. Nxe8 Qxe8 27. Qd1 Qe6 28. b4 Bb3 29. Qd4 Nc4 30. Bxc4 Bxc4 31. Nc2 Bd3 32. Ne1 Qb3 33. h3 Bb1 34. f3 Qe6 35. fxe4 Bxe4 36. Nd3 Bb7 37. Nf2 Bd6 38. Nd3 Bc7 39. Nf4 Qc6 {Threatens to win with ...Bxf4.} 40. Qd2 Qe4 41. Bd4 h6 42. Qa2+ Kh7 (42... Kh8 $5 {[%cal Rc7f4]} 43. Qd2 Kg8 $17) 43. Qd2 Bc6 44. Qd3 Qxd3 45. Nxd3 $15 {[%mdl 4096] Endgame KBB-KBN} Kg6 46. Kf2 Kf7 47. g3 g5 48. Nb2 Bb5 49. a4 (49. g4 $11 {keeps the balance.}) 49... Bd7 $17 50. g4 b5 51. a5 f5 52. Kf3 $1 Bc6+ 53. Kf2 (53. Ke2 $15) 53... Be4 $1 54. Bc5 (54. Ke2 $17 {was called for.}) 54... Be5 $19 55. Nd1 Bg7 $1 56. Ke2 {[#]} Ke6 $1 57. Nf2 Bg2 58. Kd3 Be5 59. e4 f4 60. Bd4 $2 {Loses the game.} (60. Ke2 $17) 60... Bf1+ 61. Kc3 Kd6 62. Bxe5+ Kxe5 63. Nd3+ Bxd3 {Black mates.} 64. Kxd3 {[#] KP-KP} f3 $1 65. Ke3 {[#]} f2 $1 {[%mdl 576] Deflection} 66. Kxf2 Kxe4 67. Kg3 Kd3 68. Kf3 Kc4 69. Ke4 Kxb4 70. Kd3 Kxa5 71. Kc3 Ka4 72. Kb2 b4 73. Ka2 b3+ 74. Kb2 Kb4 75. Kb1 Ka3 76. Ka1 b2+ 77. Kb1 a5 78. Kc2 Ka2 79. h4 b1=Q+ 80. Kc3 gxh4 81. Kd2 h3 82. Ke2 h2 83. Kd2 h1=Q {[%csl Gb1][%cal Rh1e1]} 84. g5 Qhe4 {[%csl Gb1][%cal Re4e1]} 85. gxh6 Qbc2# {Accuracy: White = 78%, Black = 87%.} 0-1